000 00728nas a2200253 4500
001 BR0900058
003 BR-BrBNA
005 20231205112953.0
007 ta
008 230509b bl.|||p| |||| 00| 00por d
040 _aBR-BrBNA
_bpor
_cBiblioteca Nacional de Agricultura
041 _a(Pt)
072 _aP10
100 1 _aJanzen, J.G.
100 1 _aSchulz, H.E.
100 1 _aJirka, G.
245 1 _aDetalhes da transferência de gases na interface ar-água.
650 _aÁGUA
650 _aAR
650 _aGÁS
773 0 _tRevista Brasileira de Recursos Hídricos (Brazil)
_xISSN 1414-381X
_g(Oct-Dec 2006), v. 11(4) p. 153-161
_wBR0900058
909 _a202311
_bLúcia
_c55
_dLúcia Elande
942 _2AGRIS
_n0
_cANA
999 _c201097
_d201097